[Event "25th Czech Rapid G1 2014"]
[Site "Pardubice CZE"]
[Date "2014.07.16"]
[Round "3.61"]
[White "Bjornsson, Tomas"]
[Black "Kotyk, Vaclav"]
[Result "1-0"]
[WhiteTitle "FM"]
[WhiteElo "2144"]
[BlackElo "1848"]
[WhiteFideId "2300303"]
[BlackFideId "384232"]
[EventDate "2014.07.16"]

1. d4 Nf6 2. c4 c5 3. d5 e6 4. Nc3 exd5 5. cxd5 d6 6. e4 g6 7. Nf3 Bg7 8. Be2
O-O 9. O-O a6 10. a4 Re8 11. Qc2 Nbd7 12. Bf4 Qc7 13. h3 Rb8 14. Rfe1 c4 15. a5
b5 16. axb6 Nxb6 17. Nd2 Nh5 18. Be3 f5 19. Bxh5 gxh5 20. exf5 Qf7 21. Bxb6 Rxb6
22. Rxe8+ Qxe8 23. Nxc4 Rb4 24. Nxd6 Qd8 25. Nxc8 Qxc8 26. Rd1 Rf4 27. d6 Bd4
28. Qb3+ Kg7 29. Qe6 Qc5 30. Ne4 Bxf2+ 31. Kh2 Qc2 32. Nxf2 Rxf2 33. Rg1 Rxf5
34. Qe7+ Rf7 35. Qe5+ Kg6 36. Qe6+ Kg7 37. Qe5+ Kg6 38. Kh1 Qd3 39. Re1 Rf6 40.
Qe8+ Kh6 41. d7 Rf1+ 42. Rxf1 Qxf1+ 43. Kh2 Qf4+ 44. Kg1 Qd4+ 45. Kf1 Qd3+ 46.
Kf2 Qd2+ 47. Kf3 Qd1+ 48. Kf4 Qd4+ 49. Kf5 Qd5+ 50. Kf6 Qd6+ 51. Qe6 Qf8+ 52.
Ke5+ Kg5 53. h4+ Kxh4 54. Qf6+ 1-0

[Event "25th Czech Rapid G1 2014"]
[Site "Pardubice CZE"]
[Date "2014.07.16"]
[Round "3.62"]
[White "Pischikov, Vadim"]
[Black "Janacek, Jaroslav"]
[Result "1-0"]
[WhiteElo "2130"]
[BlackElo "2001"]
[WhiteFideId "4100280"]
[BlackFideId "306681"]
[EventDate "2014.07.16"]

1. d4 d6 2. Nf3 g6 3. c4 Bg7 4. Nc3 Bg4 5. Bf4 Bxf3 6. gxf3 c5 7. d5 Nf6 8. e4
Nbd7 9. Be2 Nh5 10. Be3 Bxc3+ 11. bxc3 Qa5 12. Qc2 Nb6 13. f4 Ng7 14. O-O Qa4
15. Qd3 h5 16. f5 gxf5 17. exf5 O-O-O 18. Kh1 Rdg8 19. Bf4 Qd7 20. f6 exf6 21.
a4 Qe7 22. a5 Nd7 23. Rfe1 Ne5 24. Qc2 Qd7 25. a6 b6 26. Reb1 Qf5 27. Qxf5+ Nxf5
28. Rg1 Ng6 29. Bd2 Kc7 30. Bd3 Nfe7 31. Rae1 Ne5 32. Be2 h4 33. f4 Nd7 34. Bd3
Kd8 35. Rgf1 h3 36. Rf2 Rh4 37. Be3 Ng6 38. Rg1 Rhh8 39. Rf3 Ne7 40. Rxg8+ Nxg8
41. Bf1 Nb8 42. Bxh3 Nxa6 43. Bf5 Ne7 44. Bb1 Nc7 45. Bf2 a5 46. Kg2 Ng6 47. Kg1
Ne8 48. Bg3 Kd7 49. Kf2 Ng7 50. Bc2 Nh5 51. Ba4+ Kc7 52. Re3 Nhxf4 53. Bxf4 Nxf4
54. Re7+ Kb8 55. Rxf7 Nd3+ 56. Ke3 Rh3+ 57. Ke4 Nb2 58. Bc6 Rxc3 59. Rb7+ Kc8
60. Rxb6 Rxc4+ 61. Kf5 Rb4 62. Ra6 a4 63. Ke6 Kc7 64. h4 Rxh4 65. Ra7+ Kb6 66.
Rb7+ Ka5 67. Rxb2 a3 68. Rb8 c4 69. Kxd6 Rh7 70. Kc5 Ra7 71. Rb5+ Ka6 72. Rb4 1-0

[Event "25th Czech Rapid G1 2014"]
[Site "Pardubice CZE"]
[Date "2014.07.16"]
[Round "3.64"]
[White "Solovyev, Anton"]
[Black "Duda, Antonin"]
[Result "1-0"]
[WhiteElo "2021"]
[BlackElo "2055"]
[WhiteFideId "24170330"]
[BlackFideId "326720"]
[EventDate "2014.07.16"]

1. e4 c5 2. Nf3 d6 3. d4 cxd4 4. Nxd4 Nf6 5. Nc3 g6 6. Be3 Bg7 7. Bc4 O-O 8. f3
Nc6 9. Qd2 Bd7 10. Bb3 Rb8 11. h4 Na5 12. h5 Nxb3 13. axb3 Nxh5 14. g4 Nf6 15.
Bh6 Bxg4 16. fxg4 Nxg4 17. Bxg7 Kxg7 18. Qg5 Nf6 19. Qh6+ Kh8 20. Nd5 Ng4 21.
Qg5 e5 22. Nc3 Kg7 23. Nf5+ Kh8 24. Nd4 Kg8 25. Nf5 1-0

[Event "25th Czech Rapid G1 2014"]
[Site "Pardubice CZE"]
[Date "2014.07.16"]
[Round "3.65"]
[White "Chernyshova, Natalia"]
[Black "Smolej, Lukas"]
[Result "1-0"]
[WhiteElo "2129"]
[BlackElo "2003"]
[WhiteFideId "24143219"]
[BlackFideId "363782"]
[EventDate "2014.07.16"]

1. d4 d5 2. c4 Nc6 3. e3 Nf6 4. cxd5 Nxd5 5. Nc3 Bf5 6. a3 e5 7. Qb3 Nxc3 8.
bxc3 Rb8 9. Bb5 exd4 10. cxd4 Bd7 11. Bd2 Bd6 12. Nf3 O-O 13. Bc3 Bg4 14. Rb1
Bxf3 15. gxf3 Qf6 16. Bxc6 bxc6 17. Qxb8 Qxf3 18. Qxf8+ Bxf8 19. Rf1 h6 20. Rb8
Kh7 21. Rxf8 g5 22. Rb8 Kg6 23. Bb4 Kh7 24. Bf8 Kg6 25. Rg1 Kh7 26. Bc5 Kg6 27.
h4 Kh7 28. hxg5 hxg5 29. Bxa7 f6 30. Rf8 Kg6 31. Rg8+ Kf5 32. Re8 c5 33. Bxc5
Qc6 1-0

[Event "25th Czech Rapid G1 2014"]
[Site "Pardubice CZE"]
[Date "2014.07.16"]
[Round "3.66"]
[White "Horinek, Karel"]
[Black "Chovanec, Vladimir"]
[Result "1-0"]
[WhiteElo "1980"]
[BlackElo "2100"]
[WhiteFideId "323276"]
[BlackFideId "14907860"]
[EventDate "2014.07.16"]

1. e4 e6 2. d4 d5 3. e5 c5 4. c3 Nc6 5. Nf3 Qb6 6. Bd3 Nh6 7. O-O cxd4 8. cxd4
Nf5 9. Bxf5 exf5 10. Nc3 Be6 11. a3 a5 12. Na4 Qa6 13. Be3 b5 14. Nc5 Qb6 15.
Rc1 Be7 16. Ng5 Nd8 17. Qd3 O-O 18. f4 h6 19. Ngxe6 fxe6 20. Nd7 Qb7 21. Nxf8
Bxf8 22. Rc2 Nc6 23. Rfc1 Rc8 24. h3 b4 25. g4 g6 26. Bd2 Qb6 27. Be3 Qb7 28.
Qb3 Qb5 29. a4 Qa6 30. Kf2 Be7 31. Kg3 Bd8 32. Rc5 Be7 33. R5c2 Bd8 34. Rd1 Bb6
35. Qd3 Qa7 36. Qb5 Qb7 37. Rdc1 1-0

[Event "25th Czech Rapid G1 2014"]
[Site "Pardubice CZE"]
[Date "2014.07.16"]
[Round "3.67"]
[White "Grove, Michael"]
[Black "Jelinek, Vaclav"]
[Result "1/2-1/2"]
[WhiteElo "2064"]
[BlackElo "1973"]
[WhiteFideId "2403943"]
[BlackFideId "317454"]
[EventDate "2014.07.16"]

1. e4 g6 2. d4 Bg7 3. Be3 d6 4. Be2 Nf6 5. Nc3 O-O 6. h4 c5 7. h5 cxd4 8. Bxd4
Nc6 9. Be3 Be6 10. Qd2 Rc8 11. Bh6 Ne5 12. Bxg7 Kxg7 13. hxg6 fxg6 14. Qh6+ Kg8
15. f4 Rxc3 16. fxe5 Qa5 17. exf6 Rh3+ 18. Qd2 Qxd2+ 19. Kxd2 Rxh1 20. fxe7 Re8
21. Re1 Rxe7 22. Nf3 Rxe1 23. Nxe1 h5 24. Nf3 Kg7 25. Bd3 Kh6 26. c4 g5 27. b4
g4 28. Nd4 Bd7 29. a4 Kg5 30. a5 h4 31. Ke3 h3 32. gxh3 gxh3 33. Bf1 Kh4 34. Ne2
Bf5 35. Nc3 Bg4 36. Bxh3 Bxh3 37. Nb5 Rd7 38. Nxa7 Kg5 39. Nc8 Kf6 40. Kd4 Ke6
41. b5 Rc7 42. Nb6 Rc5 43. Nd5 Bf1 44. Nb6 Ke7 45. a6 bxa6 46. bxa6 Rc7 47. a7
Rxa7 48. Nc8+ Kd7 49. Nxa7 Kc7 50. Kd5 Bh3 51. Nb5+ Kd7 52. Nd4 Bg4 53. Nf5 Bh3
54. Ne3 Be6+ 55. Kd4 Kc6 56. Nf1 Bg4 57. Nd2 Be6 58. Nb3 Kb6 59. Kc3 Kc6 60. Kb4
Bg4 61. Nd4+ Kd7 62. Kc3 Bh3 63. Kd3 Bf1+ 64. Kc3 Bg2 65. Kd3 Bf1+ 66. Ne2 Kc6
67. Ke3 Kc5 68. Nd4 1/2-1/2

[Event "25th Czech Rapid G1 2014"]
[Site "Pardubice CZE"]
[Date "2014.07.16"]
[Round "3.68"]
[White "Stary, Lukas"]
[Black "Hoegener, Claude"]
[Result "0-1"]
[WhiteElo "1929"]
[BlackElo "2083"]
[WhiteFideId "322806"]
[BlackFideId "4000978"]
[EventDate "2014.07.16"]

1. c4 Nf6 2. Nf3 e6 3. b3 d5 4. Bb2 Be7 5. e3 O-O 6. Be2 b6 7. O-O Bb7 8. d4 c5
9. Nc3 dxc4 10. bxc4 cxd4 11. exd4 Nc6 12. d5 exd5 13. cxd5 Na5 14. Qd4 Bxd5 15.
Nxd5 Qxd5 16. Rfd1 Qxd4 17. Nxd4 Bc5 18. Nb3 Nxb3 19. axb3 Ne4 20. Bd4 Bxd4 21.
Rxd4 Nc5 22. Rb1 Rfd8 23. Rxd8+ Rxd8 24. b4 Ne6 25. g3 Kf8 26. Kg2 Ke7 27. Ra1
Rd7 28. Bg4 Rc7 29. Bxe6 Kxe6 30. Re1+ Kd5 31. Rd1+ Kc6 32. Rc1+ Kb7 33. Rb1 Ka6
34. b5+ Kb7 35. Rb4 a5 36. bxa6+ Kxa6 37. Ra4+ Kb7 38. Kf3 b5 39. Rb4 Kb6 40.
Ke3 Rd7 41. h4 Kc5 42. Rb1 b4 43. Rc1+ Kb5 44. Rb1 Ka4 45. Ra1+ Kb3 46. Rb1+ Kc3
47. Rc1+ Kb2 48. Rc5 b3 49. Rc8 Kb1 50. g4 b2 51. Rb8 Ra7 52. Kd2 Ka1 53. Kc2
Rc7+ 0-1

[Event "25th Czech Rapid G1 2014"]
[Site "Pardubice CZE"]
[Date "2014.07.16"]
[Round "3.69"]
[White "Joukl, Zdenek"]
[Black "Skaloud, Dusan"]
[Result "0-1"]
[WhiteElo "2062"]
[BlackElo "1950"]
[WhiteFideId "304247"]
[BlackFideId "339610"]
[EventDate "2014.07.16"]

1. d4 e6 2. Nf3 f5 3. Bf4 d5 4. e3 Nf6 5. c4 c6 6. Nbd2 Nbd7 7. Bd3 Ne4 8. O-O
Ndf6 9. Ne5 Bd6 10. f3 Nxd2 11. Qxd2 O-O 12. c5 Bxe5 13. Bxe5 Nd7 14. Bd6 Rf7
15. b4 Nf6 16. a4 a6 17. Ra2 Ra7 18. Rfa1 Bd7 19. Qc2 Kh8 20. Re1 Be8 21. Rb2
Qa8 22. Reb1 h6 23. h3 Kh7 24. e4 fxe4 25. fxe4 dxe4 26. Bxe4+ Nxe4 27. Qxe4+
Rf5 28. Qxe6 Bg6 29. Re1 b5 30. cxb6 Raf7 31. Bg3 Qd8 32. Qe3 Qxb6 33. a5 Rxa5
34. bxa5 Qxb2 35. Be5 Qa2 36. Rc1 Qxa5 37. Rxc6 Qd5 38. Rc5 Qa2 39. Rc1 Rb7 40.
Rc7 Rxc7 41. Bxc7 Qc2 42. Be5 Be4 43. Qg3 g6 44. Qg4 Qc6 45. Qf4 Bf5 46. h4 a5
47. h5 a4 48. hxg6+ Qxg6 49. d5 Be4 50. g3 Bxd5 51. Qc1 Bc6 52. Kh2 Qe4 53. Qg1
Qe2+ 54. Kh3 Qh5# 0-1

[Event "25th Czech Rapid G1 2014"]
[Site "Pardubice CZE"]
[Date "2014.07.16"]
[Round "3.70"]
[White "Zverina, Jan"]
[Black "Foermes, Alexander"]
[Result "1-0"]
[WhiteElo "1872"]
[BlackElo "2035"]
[WhiteFideId "328812"]
[BlackFideId "24605255"]
[EventDate "2014.07.16"]

1. e4 e6 2. d4 d5 3. e5 c5 4. c3 Nc6 5. Nf3 Bd7 6. Be2 Nge7 7. O-O Nf5 8. b3
cxd4 9. cxd4 Qb6 10. Bb2 Be7 11. Qd3 Nb4 12. Qd2 Bb5 13. Bxb5+ Qxb5 14. Nc3 Qd3
15. Rfd1 Qxd2 16. Rxd2 O-O 17. a3 Nc6 18. b4 Rfc8 19. Rc1 Nd8 20. Rdc2 Rc4 21.
Nb5 Rxc2 22. Rxc2 a6 23. g4 axb5 24. gxf5 exf5 25. Rc7 Kf8 26. Ne1 Ke8 27. Nd3
Ra6 28. Nf4 Rc6 29. Nxd5 Rxc7 30. Nxc7+ Kd7 31. Nxb5 Kc6 32. Nc3 b5 33. d5+ Kb6
34. d6 Bg5 35. Nd5+ Kc6 36. Ne7+ Kd7 37. Nxf5 g6 38. Nd4 1-0

[Event "25th Czech Rapid G1 2014"]
[Site "Pardubice CZE"]
[Date "2014.07.17"]
[Round "4.1"]
[White "Bryzgalin, Kirill"]
[Black "Pavlidis, Antonios"]
[Result "1-0"]
[WhiteTitle "GM"]
[BlackTitle "IM"]
[WhiteElo "2460"]
[BlackElo "2479"]
[WhiteFideId "4133285"]
[BlackFideId "4212312"]
[EventDate "2014.07.16"]

1. d4 Nf6 2. Nf3 g6 3. Nbd2 d5 4. e3 Bg7 5. b4 O-O 6. c4 c6 7. Be2 a5 8. b5 a4
9. Ba3 Bf5 10. O-O Nbd7 11. Rc1 Re8 12. Nh4 Be6 13. Qc2 Qa5 14. Rfd1 cxb5 15.
cxb5 Nb6 16. Nhf3 Rac8 17. Qb1 Bf5 18. Qb2 Nfd7 19. Bb4 a3 20. Qb3 Qa4 21. Bxa3
Ra8 22. Qxa4 Rxa4 23. Rc3 Rc8 24. Rdc1 Rxa3 25. Rxc8+ Nxc8 26. Rxc8+ Bf8 27. Rc7
b6 28. h3 Rxa2 29. g4 Be6 30. Bf1 f6 31. Nb1 Ra1 32. Nc3 h5 33. Nh2 hxg4 34.
hxg4 Bh6 35. Kg2 Kf7 36. Be2 f5 37. gxf5 Bxf5 38. Nxd5 Ra2 39. Bc4 Rb2 40. Nxb6+
Ke8 41. Rc8# 1-0

[Event "25th Czech Rapid G1 2014"]
[Site "Pardubice CZE"]
[Date "2014.07.17"]
[Round "4.2"]
[White "Mozharov, Mikhail"]
[Black "Vajda, Levente"]
[Result "0-1"]
[WhiteTitle "GM"]
[BlackTitle "GM"]
[WhiteElo "2540"]
[BlackElo "2569"]
[WhiteFideId "4189825"]
[BlackFideId "1203975"]
[EventDate "2014.07.16"]

1. e4 e5 2. Nf3 Nc6 3. d4 exd4 4. Nxd4 Nf6 5. Nc3 Bb4 6. Nxc6 bxc6 7. Bd3 d5 8.
exd5 cxd5 9. O-O O-O 10. h3 h6 11. Qf3 c6 12. Ne2 Bc5 13. b3 Re8 14. Bb2 Ne4 15.
Rad1 Qg5 16. Bc1 Qh4 17. Be3 Ng5 18. Qf4 Qxf4 19. Bxf4 Ne4 20. Bc1 Bf5 21. Ba6
Rab8 22. Nd4 Bd7 23. Bb2 Bb4 24. Bd3 Bc3 25. Bxe4 Bxb2 26. Bf5 Bxf5 27. Nxf5 Re2
28. Rfe1 Rxc2 29. Re7 a5 30. Rc7 Bf6 31. Ne3 Rxa2 32. Rxc6 Ra1 33. Rxa1 Bxa1 34.
Rc5 d4 35. Nc2 Bc3 36. Rc4 Rxb3 37. Nxd4 Rb1+ 38. Kh2 Bb4 39. Nc6 Bd6+ 40. g3
Ra1 41. Kg2 a4 42. Rd4 Bc5 43. Rd8+ Kh7 44. Rd5 Rc1 45. Ne5 a3 46. Nd3 a2 47.
Nxc1 a1=Q 48. Rxc5 Qd4 49. Rc7 Qd5+ 50. Kg1 g5 51. Rc3 Kg7 52. Rd3 Qc4 53. Rd1
Qe4 54. Rf1 h5 55. Na2 Qc4 56. Nc1 Qe4 57. Na2 Qe6 58. Nc3 Qxh3 59. Re1 h4 60.
Re3 Qg4 61. Kh2 f5 62. Ne2 Qh5 63. Kg2 Kf7 64. Ng1 f4 65. gxf4 g4 66. Re5 Qh6
67. Rf5+ Ke6 68. Rg5 h3+ 69. Kh2 Qh4 70. Re5+ Kf7 71. Re2 Qh6 72. Re4 Qb6 73.
Re2 Qd4 74. Kg3 Qd1 75. Kh2 Qf1 76. f3 gxf3 77. Ra2 f2 78. Nxh3 Qxh3+ 79. Kxh3
f1=Q+ 80. Kg3 Qd3+ 81. Kh2 Kf6 82. Rf2 Kf5 83. Rg2 Qf3 84. Ra2 Qh5+ 85. Kg1 Qf3
86. Rf2 Qe3 87. Kg2 Qd3 88. Kg1 Qe4 89. Kh2 Qc6 90. Kg3 Qh1 91. Rh2 Qg1+ 92. Rg2
Qe3+ 93. Kh2 Qxf4+ 94. Kg1 Qe3+ 95. Kh2 Kf4 96. Ra2 Qe5 97. Kg1 Qc5+ 98. Kh2 Kf3
99. Rg2 Qh5+ 100. Kg1 Qh4 101. Rg8 Qe1+ 102. Kh2 Qe5+ 103. Kg1 Qa1+ 104. Kh2
Qa2+ 0-1

[Event "25th Czech Rapid G1 2014"]
[Site "Pardubice CZE"]
[Date "2014.07.17"]
[Round "4.3"]
[White "Vishnu Prasanna, V"]
[Black "Babula, Vlastimil"]
[Result "0-1"]
[WhiteTitle "GM"]
[BlackTitle "GM"]
[WhiteElo "2459"]
[BlackElo "2549"]
[WhiteFideId "5030692"]
[BlackFideId "301264"]
[EventDate "2014.07.16"]

1. d4 Nf6 2. c4 e6 3. Nc3 Bb4 4. Bg5 c5 5. d5 d6 6. e3 h6 7. Bh4 Bxc3+ 8. bxc3
e5 9. Qc2 g5 10. Bg3 e4 11. h4 Rg8 12. hxg5 hxg5 13. f4 gxf4 14. Bxf4 Qe7 15.
Ne2 Nbd7 16. Ng3 Nf8 17. O-O-O Bd7 18. Be2 Ng6 19. Bg5 Qe5 20. Bxf6 Qxf6 21.
Nxe4 Qe7 22. Rdf1 f5 23. Nd2 Qxe3 24. Bd3 Ne5 25. Re1 Qg5 26. Kb2 O-O-O 27. Re2
Rde8 28. Nf3 Nxd3+ 29. Qxd3 Rxe2+ 30. Qxe2 Qxg2 31. Rh2 Qxe2+ 32. Rxe2 f4 33.
Kc2 Bg4 34. Rf2 Rf8 35. Ng5 Kd7 36. Kd3 Bf5+ 37. Ke2 Rg8 38. Nf3 Rg3 39. Kd2 Bb1
40. a3 Ke7 41. Ne1 Rg4 42. Rh2 Kf6 43. Rh8 Rg7 44. Rf8+ Kg5 45. Nf3+ Kg4 46. Ke2
Kg3 47. Nd2 Re7+ 48. Kd1 Bd3 49. Rf6 Rh7 50. Kc1 Rh1+ 51. Kb2 Rh2 52. Kc1 Rh1+
53. Kb2 Rd1 0-1

[Event "25th Czech Rapid G1 2014"]
[Site "Pardubice CZE"]
[Date "2014.07.17"]
[Round "4.4"]
[White "Nisipeanu, Liviu-Dieter"]
[Black "Gordievsky, Dmitry"]
[Result "1-0"]
[WhiteTitle "GM"]
[BlackTitle "FM"]
[WhiteElo "2686"]
[BlackElo "2439"]
[WhiteFideId "1202758"]
[BlackFideId "24112798"]
[EventDate "2014.07.16"]

1. d4 Nf6 2. Nf3 d5 3. c4 e6 4. Nc3 Bb4 5. Qb3 c5 6. dxc5 Nc6 7. Bg5 h6 8. Bxf6
Qxf6 9. cxd5 exd5 10. e3 O-O 11. Bb5 d4 12. Bxc6 dxc3 13. Qxb4 cxb2 14. Rb1 bxc6
15. O-O Bh3 16. Qh4 Qxh4 17. Nxh4 Be6 18. Rxb2 Rab8 19. Rc2 Rb4 20. Nf3 Bd5 21.
Nd4 f5 22. a3 Rb7 23. f3 g6 24. h4 h5 25. Rc3 a5 26. Ne2 a4 27. Nf4 Bf7 28. Rd1
Rfb8 29. Rd6 Rb3 30. Rcd3 Kg7 31. Rxc6 Rxd3 32. Nxd3 Rb3 33. Ne5 Rxe3 34. f4 Kg8
35. Rc8+ 1-0

[Event "25th Czech Rapid G1 2014"]
[Site "Pardubice CZE"]
[Date "2014.07.17"]
[Round "4.5"]
[White "Navara, David"]
[Black "Zwardon, Vojtech"]
[Result "1-0"]
[WhiteTitle "GM"]
[BlackTitle "IM"]
[WhiteElo "2716"]
[BlackElo "2399"]
[WhiteFideId "309095"]
[BlackFideId "325511"]
[EventDate "2014.07.16"]

1. d4 Nf6 2. c4 e6 3. Nf3 c5 4. d5 b5 5. dxe6 fxe6 6. cxb5 a6 7. e3 d5 8. b3 Be7
9. Bb2 O-O 10. Nbd2 Qa5 11. a4 Ne4 12. Bd3 c4 13. bxc4 Bb4 14. O-O Nxd2 15. Nxd2
Bxd2 16. Qh5 h6 17. Bxg7 Bc3 18. Bxh6 Rf6 19. Qe8+ 1-0

[Event "25th Czech Rapid G1 2014"]
[Site "Pardubice CZE"]
[Date "2014.07.17"]
[Round "4.6"]
[White "Dolezal, Radoslav1"]
[Black "Oparin, Grigoriy"]
[Result "1/2-1/2"]
[WhiteTitle "IM"]
[BlackTitle "GM"]
[WhiteElo "2368"]
[BlackElo "2550"]
[WhiteFideId "304735"]
[BlackFideId "24125890"]
[EventDate "2014.07.16"]

1. d4 Nf6 2. Nf3 d5 3. c4 e6 4. Bg5 Be7 5. e3 O-O 6. Nc3 h6 7. Bxf6 Bxf6 8. cxd5
exd5 9. Bd3 c6 10. Qc2 Re8 11. O-O Bg4 12. Nd2 Nd7 13. Bh7+ Kh8 14. Bf5 Bxf5 15.
Qxf5 Qe7 16. Rab1 a5 17. Rfc1 g6 18. Qd3 Kg7 19. Na4 Qe6 20. Nb3 Be7 21. Nbc5
Nxc5 22. Nxc5 Bxc5 23. Rxc5 a4 24. Rc3 Re7 25. Rbc1 h5 26. h4 Qd6 27. g3 Re4 28.
Kg2 Re7 29. Ra3 Qb4 30. Qc3 Qxc3 31. Rcxc3 Ree8 32. Kf3 Kf6 33. Rc2 Ke6 34. Ke2
Kd6 35. Kd2 f6 36. Rc1 Ra6 37. b4 Rea8 38. Rac3 a3 39. Rb3 Rb6 40. Rg1 Ke6 41.
g4 hxg4 42. Rxg4 Kf7 43. Kc3 f5 44. Rg3 Kf6 45. f4 Rba6 46. Rb1 Rh8 47. Rbg1 Rh6
48. h5 gxh5 49. Rg7 h4 50. Rd7 Rh8 51. Rgg7 Raa8 52. Rdf7+ Ke6 53. Rxb7 Rag8 54.
Rgc7 Kd6 55. Rd7+ Ke6 56. Rdc7 Kd6 57. Rd7+ 1/2-1/2

[Event "25th Czech Rapid G1 2014"]
[Site "Pardubice CZE"]
[Date "2014.07.17"]
[Round "4.7"]
[White "Megaranto, Susanto"]
[Black "Sundararajan, Kidambi"]
[Result "1-0"]
[WhiteTitle "GM"]
[BlackTitle "GM"]
[WhiteElo "2532"]
[BlackElo "2414"]
[WhiteFideId "7101384"]
[BlackFideId "5005370"]
[EventDate "2014.07.16"]

1. d4 Nf6 2. Nf3 d5 3. c4 c6 4. Nc3 e6 5. cxd5 exd5 6. Bg5 Be7 7. e3 Bf5 8. Bxf6
Bxf6 9. Bd3 Be6 10. O-O Nd7 11. Qc2 g6 12. b4 O-O 13. Na4 Qc7 14. Rac1 Qd6 15.
b5 Rac8 16. bxc6 Rxc6 17. Qb3 b6 18. Nc3 Nb8 19. Rc2 Rfc8 20. Rfc1 a6 21. a4 Kg7
22. h3 R6c7 23. Ne2 Rxc2 24. Rxc2 Rxc2 25. Qxc2 Nc6 26. Nf4 Nb4 27. Qe2 a5 28.
Bb5 Bf5 29. Qd2 Qc7 30. Ne1 Be7 31. g4 Be6 32. Nxe6+ fxe6 33. Kg2 e5 34. dxe5
Qxe5 35. Nf3 Qe4 36. Qc3+ Kg8 37. Qc8+ Kg7 38. Qc7 Qe6 39. Nd4 Qd6 40. Qc8 h6
41. Bd7 Nd3 42. Be6 Qd8 43. Qc3 Ne5 44. f4 1-0

[Event "25th Czech Rapid G1 2014"]
[Site "Pardubice CZE"]
[Date "2014.07.17"]
[Round "4.8"]
[White "Cvek, Robert"]
[Black "Pisk, Petr"]
[Result "1-0"]
[WhiteTitle "GM"]
[BlackTitle "IM"]
[WhiteElo "2516"]
[BlackElo "2390"]
[WhiteFideId "307424"]
[BlackFideId "304689"]
[EventDate "2014.07.16"]

1. c4 g6 2. d4 Bg7 3. Nf3 d6 4. Nc3 Bg4 5. e3 Nd7 6. h3 Bxf3 7. Qxf3 c6 8. g4 e5
9. d5 Ne7 10. e4 cxd5 11. cxd5 a6 12. h4 b5 13. h5 b4 14. Na4 Qa5 15. b3 Rc8 16.
h6 Bf6 17. Bd2 O-O 18. g5 Bh8 19. Bh3 Rc7 20. O-O Qb5 21. Rfc1 Rfc8 22. Rxc7
Rxc7 23. Rc1 Rxc1+ 24. Bxc1 Nc5 25. Nxc5 Qxc5 26. Be3 Qc2 27. Be6 fxe6 28. dxe6
Nf5 29. exf5 e4 30. Qg4 Be5 31. f6 d5 32. Bf4 Bxf4 33. Qxf4 Qd1+ 34. Kg2 1-0

[Event "25th Czech Rapid G1 2014"]
[Site "Pardubice CZE"]
[Date "2014.07.17"]
[Round "4.9"]
[White "Satyapragyan, Swayangsu"]
[Black "Baryshpolets, Andrey"]
[Result "0-1"]
[WhiteTitle "IM"]
[BlackTitle "GM"]
[WhiteElo "2393"]
[BlackElo "2546"]
[WhiteFideId "5004306"]
[BlackFideId "14117207"]
[EventDate "2014.07.16"]

1. e4 e5 2. Nf3 Nc6 3. Bb5 Nf6 4. Nc3 Bd6 5. d3 h6 6. h3 O-O 7. g4 a6 8. Ba4 Nd4
9. g5 hxg5 10. Bxg5 Be7 11. Rg1 b5 12. Bb3 Nxb3 13. axb3 d6 14. Qd2 Kh7 15.
O-O-O b4 16. Ne2 a5 17. Bh4 g6 18. Ng3 Nxe4 19. Nxe4 Bxh4 20. Neg5+ Bxg5 21.
Nxg5+ Kg7 22. h4 Rh8 23. f4 exf4 24. Qxf4 Qf6 25. Qc4 a4 26. Rdf1 Bf5 27. Rg3 a3
28. bxa3 Qa1+ 29. Kd2 Qxf1 30. Qxf7+ Kh6 31. Ne4 Qf4+ 32. Ke1 Rhf8 0-1

[Event "25th Czech Rapid G1 2014"]
[Site "Pardubice CZE"]
[Date "2014.07.17"]
[Round "4.10"]
[White "Teske, Henrik"]
[Black "Vrana, Jan"]
[Result "1-0"]
[WhiteTitle "GM"]
[BlackTitle "FM"]
[WhiteElo "2512"]
[BlackElo "2374"]
[WhiteFideId "4611500"]
[BlackFideId "322369"]
[EventDate "2014.07.16"]

1. e4 e5 2. Nf3 Nf6 3. Nc3 Nc6 4. d4 Bb4 5. Nxe5 Qe7 6. Qd3 Nxe5 7. dxe5 Qxe5 8.
Bd2 Bxc3 9. Bxc3 Qxe4+ 10. Qxe4+ Nxe4 11. Bxg7 Rg8 12. Bd4 d5 13. O-O-O Bf5 14.
f3 Nd6 15. Be5 O-O-O 16. Rxd5 Be6 17. Rd2 Nc4 18. Rxd8+ Rxd8 19. Bf4 h5 20. Bd3
h4 21. Re1 Rg8 22. Rxe6 fxe6 23. Bxc4 Rxg2 24. Bxe6+ Kd8 25. Bg4 1-0

[Event "25th Czech Rapid G1 2014"]
[Site "Pardubice CZE"]
[Date "2014.07.17"]
[Round "4.11"]
[White "Yuffa, Daniil"]
[Black "Muhammad, Luthfi Ali"]
[Result "0-1"]
[WhiteTitle "IM"]
[BlackTitle "FM"]
[WhiteElo "2447"]
[BlackElo "2336"]
[WhiteFideId "24131423"]
[BlackFideId "7103743"]
[EventDate "2014.07.16"]

1. d4 Nf6 2. c4 g6 3. g3 Bg7 4. Bg2 O-O 5. Nc3 d6 6. Nf3 Nc6 7. O-O Bf5 8. d5
Na5 9. Nd2 c5 10. e4 Bd7 11. Qc2 a6 12. b3 Rb8 13. Bb2 b5 14. Rab1 e5 15. Ne2
Nh5 16. b4 Nb7 17. bxc5 Nxc5 18. Ba3 Rc8 19. Nc3 Qa5 20. Bb4 Qc7 21. cxb5 axb5
22. Rfc1 Bh6 23. Bf1 Qb7 24. Qb2 f5 25. Rc2 Qa7 26. Bxb5 f4 27. Bxc5 Rxc5 28.
Bxd7 Qxd7 29. Nd1 fxg3 30. hxg3 Nxg3 31. fxg3 Qh3 32. Rc3 Bxd2 33. Nf2 Rxf2 34.
Kxf2 Bxc3 35. Qb8+ Rc8 36. Qxd6 Bd4+ 0-1

[Event "25th Czech Rapid G1 2014"]
[Site "Pardubice CZE"]
[Date "2014.07.17"]
[Round "4.12"]
[White "Gorbatov, Alexej"]
[Black "Potapov, Pavel"]
[Result "1/2-1/2"]
[WhiteTitle "IM"]
[BlackTitle "IM"]
[WhiteElo "2358"]
[BlackElo "2482"]
[WhiteFideId "4111834"]
[BlackFideId "4169786"]
[EventDate "2014.07.16"]

1. c4 f5 2. Nf3 Nf6 3. Nc3 g6 4. d4 Bg7 5. e3 O-O 6. Be2 d6 7. O-O Qe8 8. b4 e5
9. dxe5 dxe5 10. Ba3 h6 11. b5 Rf7 12. c5 Kh7 13. Bc4 Rd7 14. Qb3 c6 15. Bb2 Re7
16. Rad1 Nbd7 17. bxc6 bxc6 18. Qa3 e4 19. Nd4 Ne5 20. Be2 g5 21. Rfe1 Qg6 22.
Bf1 f4 23. exf4 gxf4 24. Qa4 Bd7 25. Bc1 f3 26. g3 Neg4 27. h3 Nxf2 28. Kxf2 Nh5
29. Bf4 Rf8 30. Rxe4 Rxe4 31. Nxe4 Nxf4 32. gxf4 Rxf4 33. Nxf3 Bf5 34. Rd6 Rxe4
35. Rxg6 Rxa4 36. Rxc6 Rxa2+ 37. Kg3 Ra1 38. Be2 Rc1 39. Kf4 Bb1 40. Rc7 a5 41.
Nd4 Kg8 1/2-1/2

[Event "25th Czech Rapid G1 2014"]
[Site "Pardubice CZE"]
[Date "2014.07.17"]
[Round "4.13"]
[White "Tarakanov, Oleg"]
[Black "Neuman, Petr"]
[Result "1/2-1/2"]
[BlackTitle "GM"]
[WhiteElo "2161"]
[BlackElo "2488"]
[WhiteFideId "4500610"]
[BlackFideId "305243"]
[EventDate "2014.07.16"]

1. e4 c5 2. Nf3 d6 3. c3 Nf6 4. Bc4 Nc6 5. Qe2 Bg4 6. h3 Bxf3 7. gxf3 g6 8. d3
Bg7 9. Be3 O-O 10. Bb3 b5 11. h4 b4 12. Nd2 a5 13. Ba4 Rc8 14. f4 h5 15. Rg1 Ng4
16. Rc1 e6 17. Rxg4 hxg4 18. Qxg4 bxc3 19. bxc3 Qf6 20. Nc4 Rfd8 21. Bxc6 Rxc6
22. Nxd6 Rdxd6 23. e5 Qd8 24. exd6 Qxd6 25. Ke2 Rb6 26. Rc2 a4 27. h5 gxh5 28.
Qxh5 Rb5 29. d4 Qb8 30. f5 cxd4 31. Bxd4 e5 32. Be3 Rb2 33. Rxb2 Qxb2+ 34. Kf3
Qxa2 35. Qg4 Qd5+ 36. Ke2 Qb5+ 37. Kd2 Qc6 38. f6 Qxf6 39. Qxa4 Qe6 40. Qa8+ Kh7
41. Qh1+ Kg8 42. Qa8+ Kh7 43. Qh1+ 1/2-1/2